Top 10 des gardiens avec la plus grosse valeur marchande - Statistiques

Statistiques générales
  • Ce quiz a été pris 86 fois
  • Le résultat moyen est 3 sur 10
Statistiques - réponses
Valeur marchande (millions) Âge Joueur % Correct
30 23 Lucas Chevalier
68%
35 26 Gianluigi Donnaruma
62%
40 29 David Raya
52%
32 29 Andre Onana
49%
40 27 Gregor Kobel
35%
38 25 Diogo Costa
26%
28 27 Unai Simon
25%
30 24 Giorgi Mamardashvili
14%
35 28 Guglielmo Vicario
14%
25 22 Bart Verbruggen
0%
Aucun quiz correspondant
Distribution des résultats
% des personnes avec chaque résultat
Percentile par nombre de réponses
Votre historique - résultats
Vous n’avez pas pris ce quiz